[Event "RUS-CHN Match w Blitz"]
[Site "Sochi RUS"]
[Date "2009.08.23"]
[Round "10"]
[White "Zhao Xue"]
[Black "Gunina,V"]
[Result "0-1"]
[WhiteElo "2544"]
[BlackElo "2437"]
[EventDate "2009.08.23"]

1. d4 d5 2. c4 c6 3. Nf3 Nf6 4. e3 a6 5. Bd3 b5 6. b3 Bg4 7. Nbd2 e6 8. O-O
Nbd7 9. Bb2 Bd6 10. Qc2 bxc4 11. bxc4 O-O 12. Ne5 Bh5 13. c5 Bc7 14. Nxc6
Qe8 15. f4 Ng4 16. Rf3 f6 17. Bxh7+ Kh8 18. Rh3 Nh6 19. Ne7 Qxe7 20. Rxh5
f5 21. Bg6 Nf6 22. Rh3 Rab8 23. Bc3 Nfg4 24. Bh5 Kg8 25. Bxg4 fxg4 26. Rg3
Nf5 27. Nf1 Nxg3 28. Nxg3 Rb7 29. Qg6 Rfb8 30. Rf1 Qf7 31. Qxg4 Rb1 32. h3
Rxf1+ 33. Nxf1 Rb1 34. Qf3 Qf5 35. Kh2 Qc2 36. Bd2 Qd3 37. Qg4 Rxf1 38.
Qxe6+ Kh7 39. Qxd5 Qg6 40. Qb7 Rf2 41. Be1 Re2 42. Bh4 Ba5 43. Qf3 Rxa2 44.
Bg5 Bc7 45. h4 Ra3 46. Qb7 Ra2 47. Qd5 Rc2 48. Kh3 a5 49. f5 Qe8 50. Qb7
Qd7 51. Qe4 0-1

[Event "RUS-CHN Match w Blitz"]
[Site "Sochi RUS"]
[Date "2009.08.23"]
[Round "10"]
[White "Kosintseva,T"]
[Black "Huang Qian"]
[Result "1-0"]
[WhiteElo "2539"]
[BlackElo "2424"]
[EventDate "2009.08.23"]

1. e4 e6 2. d4 d5 3. Nc3 Nf6 4. e5 Nfd7 5. f4 c5 6. Nf3 Nc6 7. Be3 a6 8.
Qd2 b5 9. a3 Bb7 10. Bd3 Qb6 11. Qf2 Rc8 12. O-O cxd4 13. Nxd4 Nxd4 14.
Bxd4 Qxd4 15. Qxd4 Bc5 16. Ne2 g6 17. c3 Bxd4+ 18. Nxd4 Nb6 19. Rf2 h5 20.
g3 Ke7 21. Kg2 Bc6 22. Re1 Bd7 23. h3 Nc4 24. Kf3 a5 25. Bxc4 dxc4 26. Rd2
Rc7 27. Red1 Rb8 28. g4 hxg4+ 29. hxg4 b4 30. Ke3 bxa3 31. bxa3 Ba4 32. Rh1
Rcb7 33. f5 gxf5 34. gxf5 exf5 35. Nxf5+ Ke6 36. Kf4 f6 37. Rd6+ Kf7 38.
Rxf6+ Kg8 39. Rg1+ Kh8 40. Nd6 Re7 41. Rh6+ 1-0